<?xml version="1.0" encoding="UTF-8"?>
<record
    xmlns:xsi="http://www.w3.org/2001/XMLSchema-instance"
    xsi:schemaLocation="http://www.loc.gov/MARC21/slim http://www.loc.gov/standards/marcxml/schema/MARC21slim.xsd"
    xmlns="http://www.loc.gov/MARC21/slim">

  <leader>00922cam a22002051a 4500</leader>
  <controlfield tag="001">sa 68000759 </controlfield>
  <controlfield tag="003">DLC</controlfield>
  <controlfield tag="005">20260227112426.0</controlfield>
  <controlfield tag="008">831110s1960    ii            000 0 arar </controlfield>
  <datafield tag="010" ind1=" " ind2=" ">
    <subfield code="a">sa 68000759 </subfield>
  </datafield>
  <datafield tag="035" ind1=" " ind2=" ">
    <subfield code="a">(OCoLC)10116492</subfield>
  </datafield>
  <datafield tag="040" ind1=" " ind2=" ">
    <subfield code="a">DLC</subfield>
    <subfield code="c">TxU</subfield>
    <subfield code="d">DLC</subfield>
  </datafield>
  <datafield tag="042" ind1=" " ind2=" ">
    <subfield code="a">premarc</subfield>
  </datafield>
  <datafield tag="050" ind1="0" ind2="0">
    <subfield code="a">PJ7671</subfield>
    <subfield code="b">.N3 1960z</subfield>
  </datafield>
  <datafield tag="100" ind1="1" ind2=" ">
    <subfield code="a">Nadv&#x12B;, Abul&#x1E25;asan &#x2BB;Al&#x12B;,</subfield>
    <subfield code="d">1913-</subfield>
  </datafield>
  <datafield tag="245" ind1="1" ind2="0">
    <subfield code="a">Mukht&#x101;r&#x101;t min adab al-&#x2BB;Arab, qism al-nathr :</subfield>
    <subfield code="b">majm&#x16B;&#x2BB;ah tumaththil al-adab al-&#x2BB;Arab&#x12B; al-Isl&#x101;m&#x12B; f&#x12B; jam&#x12B;&#x2BB; ma&#x1E93;&#x101;hirih wa-man&#x101;h&#x12B;h al-adab&#x12B;yah wa-al-t&#x101;r&#x12B;kh&#x12B;yah wa-al-tahdh&#x12B;b&#x12B;yah min &#x2BB;a&#x1E63;r al-Isl&#x101;m&#x12B; al-awwal il&#xE1; al-qarn al-r&#x101;bi&#x2BB; &#x2BB;ashar al-Hijr&#x12B; /</subfield>
    <subfield code="c">li-Ab&#x12B; al-&#x1E24;asan &#x2BB;Al&#x12B; al-&#x1E24;asan&#x12B; al-Nadw&#x12B;. Ta&#x2BB;l&#x12B;q Ab&#x12B; al-Fa&#x1E0D;l &#x2BB;Abd al-&#x1E24;af&#x12B;&#x1E93; al-Baly&#x101;w&#x12B;.</subfield>
  </datafield>
  <datafield tag="260" ind1=" " ind2=" ">
    <subfield code="a">Lakahn&#x16B;&#x2BC;,</subfield>
    <subfield code="b">D&#x101;r al-&#x2BB;Ul&#x16B;m, Nadwat al-&#x2BB;Ulam&#x101;&#x2BC;</subfield>
    <subfield code="c">[196-?]</subfield>
  </datafield>
  <datafield tag="300" ind1=" " ind2=" ">
    <subfield code="a">2 v. :</subfield>
    <subfield code="c">25 cm.</subfield>
  </datafield>
  <datafield tag="650" ind1=" " ind2="0">
    <subfield code="a">Arabic prose literature.</subfield>
  </datafield>
  <datafield tag="999" ind1=" " ind2=" ">
    <subfield code="c">77441</subfield>
    <subfield code="d">77441</subfield>
  </datafield>
</record>
